000 00312nam a2200109Ia 4500
008 200302s9999 xx 000 0 und d
100 _aScott Atkinson
245 _aGarden pools Fountains & Waterfalls Design Ideas Installation Upkeep
260 _bSunset Books Publishers Inc.
260 _c1989
300 _a96 P.,
999 _c1740
_d1740